Children and Television : Some Adviced to Parents /

Obra donde se discuten tres temas: el papel que juega la televisión y los medios de comunicación en la vida de los niños, los efectos de la comunicación masiva en ellos y cuál es la responsabilidad de los medios y de los padres en este asunto.

Furkejuvvon:
Bibliográfalaš dieđut
Váldodahkki: Schramm, Wilbur (autor)
Materiálatiipa: Girji
Giella:eaŋgalasgiella
Fáttát:
Fáddágilkorat: Lasit fáddágilkoriid
Eai fáddágilkorat, Lasit vuosttaš fáddágilkora!

MARC

LEADER 00000nam^a2200000^a^4500
001 000183746
005 20250521000000.0
009 20260310102051.447
037 |a Acervo ITESO - Biblioteca 
041 |a ING 
082 |a 302. 234011  |b SCH 
100 |a Schramm, Wilbur  |e (autor) 
245 1 0 |a Children and Television :  |b Some Adviced to Parents /  |c W. Schramm. 
264 |a Nueva York, EUA :  |b Television Information Office,  |c fecha no identificada 
300 |a 18 p. 
336 |a texto  |b txt  |2 rdacontenido 
337 |a sin mediación  |b n  |2 rdamedio 
338 |a volumen  |b nc  |2 rdasoporte 
520 |a Obra donde se discuten tres temas: el papel que juega la televisión y los medios de comunicación en la vida de los niños, los efectos de la comunicación masiva en ellos y cuál es la responsabilidad de los medios y de los padres en este asunto. 
649 |a XX 
650 |a Niños -  |x Condiciones Sociales y Culturales 
650 |a Televisión -  |x Aspectos Sociales y Culturales 
650 |a Recepción y Apropiación de la Comunicación 
650 |a Mediación de la Comunicación 
650 |a Medios de Comunicación -  |x Aspectos Eticos 
650 |a Medios de Comunicación -  |x Aspectos Sociales y Culturales 
650 |a Comunicación Masiva 
650 |a Cultura de Masas 
650 |a Cambios Sociales y Culturales 
650 |a Sociología de la Cultura 
650 |a Sociología de la Comunicación 
910 |a Fondo General 
920 |a Impresos - Libros 
930 |a Colección General 
905 |a 101 
901 |a 0500124252  |b IT1  |c ACC  |u 20250521 
902 |a https://opac.biblio.iteso.mx/vufind/Record/000183746